000 00457nam a2200181Ia 4500
008 140306s9999 xx 000 0 und d
020 _a590273663
050 _aPZ 7
_b.M672Le 1994
100 _aMiranda, Anne
245 _aLet's get the rhythm /
_cAnne Miranda
260 _aUSA :
_bScholastic Inc,
_cc1994.
300 _a16 p. :
_bcol. Ill. ;
_c18 cm.
521 _aG1
526 _cBR
650 _aRhythm
_xFiction.
942 _cBK
999 _c42878
_d42878